Wide angle (Registro nro. 13930)

Detalles MARC
000 -Cabecera
Campo de control de longitud fija 00724aam a2200289 4500
005 - Fecha y hora de la última transacción
Campo de control 20260519181845.0
008 - Elementos de longitud fija--Información general
Campo de control de longitud fija 260519b2019 |||||||| |||| 00| 0 eng d
020 ## - International Standard Book Number
Número Internacional Estándar del Libro (ISBN) 9780194528566
041 ## - Idioma
Código de idioma Inglés
082 ## - Clasificación Decimal Dewey
Número de clasificación 428 C898w
100 ## - Entrada principal--Autor personal
Nombre personal Craven, Miles
245 ## - Título propiamente dicho
Título Wide angle
260 ## - Pie de imprenta
Lugar de publicación, distribución, etc. Estados Unidos
260 ## - Pie de imprenta
Nombre del editor, distribuidor, etc. Oxford University Press
260 ## - Pie de imprenta
Fecha de publicación, distribución, etc. 2019
300 ## - Descripción física
Extensión 176 páginas
Otras características físicas Contiene Ilustraciones y fotografías a color
490 ## - Serie
Título de la Serie Enseñanza de Idiomas
505 ## - Nota de contenido
Nota de contenido Practicas en línea
650 ## - Materia general
Temática (materia general) INGLÉS
650 ## - Materia general
Temática (materia general) ENSEÑANZA
650 ## - Materia general
Temática (materia general) APRENDIZAJE
650 ## - Materia general
Temática (materia general) VOCABULARIO
650 ## - Materia general
Temática (materia general) PRONUNCIACIÓN
650 ## - Materia general
Temática (materia general) LECTURA
650 ## - Materia general
Temática (materia general) ESCRITURA
942 ## - Punto de acceso adicional KOHA
Fuente del sistema de clasificación o colocación Dewey Decimal Classification
Tipo de ítem KOHA Libro
Existencias
Signatura completa Código de barras Programa Académico Tipo de ítem
428 C898w 26247 Enseñanza de Idiomas Libro